000 00711nam a2200217 i 4500
001 bg
100 1 _aPAJESTKA, Józef
245 1 0 _aProlegomena globalnej racjonalności człowieka :
_bo racjonalność ewolucji cywilizacyjnej /
_cJózef Pajestka.
260 _aWarszawa :
_bPańst. Wydaw. Naukowe,
_c1990.
300 _a285, [3] s. ;
_c21 cm.
504 _aBibliogr. s. 267-270. - Indeks. - Spis treści także ang., ros.
650 9 _aRozwój społeczny
_xfilozofia
650 9 _aWzrost gospodarczy
_xfilozofia
020 _a8301098856
040 _cBPK
041 0 _apl
_benru
080 _a008:316.42:330.35:1
920 _a83-01-09885-6
942 _cKS
008 s pl f |000 0 pol
999 _c32544
_d32544
856 _uhttp://koha.tu.koszalin.pl/cgi-bin/koha/opac-detail.pl?biblionumber=32544
_yKatalog online BPK